000 01008cam a2200301 a 4500
005 20190409094557.0
008 190409s2007 sp 0 spa d
015 _aNNN
020 _z8430917640
020 _a9788430946426 (4a.Ed.)
035 _a(Sirsi) 106669
040 _aCO-BoUCM
_bspa
_cSaul Niño
_dSaul Niño
041 0 _aspa
100 0 _aTomás
_cde Aquino, Santo
_d1225-1274
_9859
245 1 3 _aLa monarquía
_cSanto Tomas de Aquino ; traducción de Laureano Robles
250 _aCuarta edición
260 _aMadrid
_bTecnos
_c2007
300 _a92 páginas
490 0 _aColección clásicos del pensamiento
534 _tDe regno (1265-1267)
600 0 4 _aTomás de Aquino
_cSanto
_d1225-1274
_xCrítica e interpretación
_995957
650 7 _aEstado
_97594
650 2 4 _aMonarquía
_919702
650 7 _aReyes y soberanos
_xAspectos morales
_923780
700 1 _aRobles, Laureano
_d1933-
_995958
942 _2DEWEY
_a2
_cLIBRO
_e4
_h189.4
_mT65m
999 _c311774
_d311774